000
00356nam a2200157Ia 4500
008
221030s9999 xx 000 0 und d
020
_a
8171698506
041
_a
English
082
_a
105.23
_b
Dev
100
_a
Vasu Deva
245
0
_a
E- Services
260
_b
Commonwealth Pub
_a
New Delhi
_c
2005
300
_a
251
650
_a
MBA Computers
942
_c
BK
999
_c
305
_d
305